000 00621cam a2200193 4500
001 2681350
003 BD-DhUL
005 20170418101034.0
008 740220s1973 nyu b i000 0 eng
010 _a 74153917
040 _aDLC
_cDLC
_dDLC
_dBD-DhUL
082 0 0 _a614.14
_bUNR
110 2 _aUnited Nations.
245 0 0 _aReport of the international seminar on morality analysis :
_b(held in) Mamia, Romania 20 September-3 October, 1972 /
_cUnited Nations.
260 _aNew York :
_bUnited nations,
_c1973.
300 _aiv, 28 p. ;
_c28 cm.
504 _aIncludes bibliographical references.
942 _2ddc
_cREF
999 _c184475
_d184475